000 08744nam a22006497a 4500
005 20090521111840.0
008 080922t xxu||||| |||| 00| 0 eng d
010 _aENG-93641
020 _c170.00
_a9788178127248
035 _aEN-77174
035 _aB-362401-433
037 _bDBAD / PUB
037 _bRamesh Pub. Hosue
040 _adpl
_bEnglish
082 _a658.0076
245 _aR. Gupta's UGC-NET management:
_bpaper II and III & compulsory paper I [previous papers (solved)]
260 _aNew Delhi
_bRamesh Publishing House
_c2009
270 _a12-H, New Darya Ganj Road, Opp. Traffic Kotwali
_bNew Delhi
_e110002
_k23261567, 23275224
_l011-23275124
_minfo@rameshpublishinghouse.com
300 _aVarious pagings
_c25cm(pbk)
650 _aUGC-NET- Management
_xExaminations, questions, etc.
942 _2ddc
_cEN
_mRGU
_h658.0076
999 _c26652
_d26652